000 00384cam a22001217a 4500
008 180718b1986 xxu||||| |||| 00| 0 eng d
082 _aA81x54 In2/81/15/Pt5A&B
100 _aCensus of India 1981
245 _aNagaland: migration tables
260 _aDelhi
_bThe Controller of Publicaitons
_c1986
300 _a221+p.
440 _aCensus of India 1981. Series-15, Nagaland. Part V-A & B
999 _c483127
_d483127